LIBRARY ONLINE CATALOGUE

The Challenge of nationhood : (Record no. 12653)

MARC details
000 -LEADER
fixed length control field 00739nam a22002292 4500
001 - CONTROL NUMBER
control field 0000001876
005 - DATE AND TIME OF LATEST TRANSACTION
control field 20151217155813.0
008 - FIXED-LENGTH DATA ELEMENTS--GENERAL INFORMATION
fixed length control field 070328s xx 000 0 eng d
020 ## - INTERNATIONAL STANDARD BOOK NUMBER
International Standard Book Number 9966466908 :
Terms of availability KES 470
040 ## - CATALOGING SOURCE
Original cataloging agency KABU
Transcribing agency KABU
050 #0 - LIBRARY OF CONGRESS CALL NUMBER
Classification number DT433.582
Item number .M36M36
100 1# - MAIN ENTRY--PERSONAL NAME
Personal name Mboya, Tom.
-- 0000149492
245 14 - TITLE STATEMENT
Title The Challenge of nationhood :
Remainder of title a collection of speeches and writings.
260 ## - PUBLICATION, DISTRIBUTION, ETC. (IMPRINT)
Place of publication, distribution, etc. Nairobi :
Name of publisher, distributor, etc. EAEP,
Date of publication, distribution, etc. 1993.
300 ## - PHYSICAL DESCRIPTION
Extent viii, 278 p.
600 10 - SUBJECT ADDED ENTRY--PERSONAL NAME
Personal name Mboya, Tom.
-- 0000149492
651 #0 - SUBJECT ADDED ENTRY--GEOGRAPHIC NAME
Geographic name Kenya
General subdivision Politics and government
Chronological subdivision 1963-.
-- 0000150943
651 #0 - SUBJECT ADDED ENTRY--GEOGRAPHIC NAME
Geographic name Africa
General subdivision Politics and government
Chronological subdivision 1960-.
-- 0000148944
908 ## - PUT COMMAND PARAMETER (RLIN)
Put command parameter 070328
950 ## - LOCAL HOLDINGS (RLIN)
-- 1
Holdings
Withdrawn status Lost status Source of classification or shelving scheme Not for loan Home library Current library Date acquired Total Checkouts Full call number Barcode Date last seen Date last checked out Price effective from Koha item type
    Library of Congress Classification   Kabarak, Main Campus Kabarak, Main Campus 17/12/2015 3 DT433.582 .M36M36 006560 17/10/2019 04/10/2019 17/12/2015 Africana Collection